Southville International School and Colleges
Your cart is empty.
  • Cart
  • Lists
    Public lists Eva Luna New books Lux_list list_1
    Your lists Log in to create your own lists
  • Log in to your account
  • Your cookies
  • Search history
Southville International School and Colleges
  • Advanced search
  • Recent comments
  • Most popular
  • Libraries

Log in to your account

Log in with GOOGLE


If you do not have an external account, but do have a local account, you can still log in:

  1. Home
  2. MARC view: Catching fire /
Normal view MARC view ISBD view

Catching fire / (Record no. 114646)

[ view plain ]
MARC details
000 -LEADER
fixed length control field 00880nam a2200205 a 4500
005 - DATE AND TIME OF LATEST TRANSACTION
control field 20140414132107.0
008 - FIXED-LENGTH DATA ELEMENTS--GENERAL INFORMATION
fixed length control field 100902s19uu xx 00 eng d
020 ## - INTERNATIONAL STANDARD BOOK NUMBER
International Standard Book Number 9780439023498
050 ## - LIBRARY OF CONGRESS CALL NUMBER
Classification number TR
Item number C69 2009
100 ## - MAIN ENTRY--PERSONAL NAME
Personal name Collins, Suzanne
245 ## - TITLE STATEMENT
Title Catching fire /
Statement of responsibility, etc Suzanne Collins.
260 ## - PUBLICATION, DISTRIBUTION, ETC. (IMPRINT)
Place of publication, distribution, etc New York :
Name of publisher, distributor, etc Scholastic,
Date of publication, distribution, etc 2009.
440 ## - SERIES STATEMENT/ADDED ENTRY--TITLE
Title
500 ## - GENERAL NOTE
General note The second book of The Hunger Games.Strictly for G7 students and above level of age use.
520 ## - SUMMARY, ETC.
Summary, etc By winning the annual Hunger games, District 12 tributes Katniss Everdeen and Peeta Mellark have secures a life of safety and plenty for themselves and their families, but because they won by defying the rules, they unwittingly become the faces of an impending rebellion.
650 ## - SUBJECT ADDED ENTRY--TOPICAL TERM
Topical term or geographic name as entry element Insurgency
General subdivision Fiction
650 ## - SUBJECT ADDED ENTRY--TOPICAL TERM
Topical term or geographic name as entry element Survival
General subdivision Fiction
650 ## - SUBJECT ADDED ENTRY--TOPICAL TERM
Topical term or geographic name as entry element Interpersonal relations
General subdivision Fiction
Holdings
Withdrawn status Lost status Damaged status Use restrictions Home library Current library Shelving location Date acquired Source of acquisition Cost, normal purchase price Total Checkouts Full call number Barcode Date last seen Price effective from Koha item type
        Munich Library Munich Library Teachers Reference Section 09/02/2010   760.00   TR C69 2009 M6519 04/14/2014 04/14/2014 Books

Catching fire /

APA

Collins S., . (2009). Catching fire. New York: Scholastic.

Chicago

Collins Suzanne, . 2009. Catching fire. New York: Scholastic.

Harvard

Collins S., . (2009). Catching fire. New York: Scholastic.

MLA

Collins Suzanne, . Catching fire. New York: Scholastic. 2009.

  • Place hold
  • Print
  • Cite
  • Add to your cart (remove)
  • Save record
    BIBTEX Dublin Core MARCXML MARC (non-Unicode/MARC-8) MARC (Unicode/UTF-8) MARC (Unicode/UTF-8, Standard) MODS (XML) RIS
  • More searches
    Search for this title in:
    Other Libraries (WorldCat) Other Databases (Google Scholar) Online Stores (Bookfinder.com) Open Library (openlibrary.org)

Exporting to Dublin Core...

SOUTHVILLE LIBRARY

Southville International School and Colleges Library

1281 Tropical Ave. Cor. Luxembourg St., BF Homes International, Las Pinas City

Tel. No. 8256374 / 252358 Loc. 117/146

Powered by Koha